000 00594nam a22002057a 4500
005 20220715090628.0
008 220715b ||||| |||| 00| 0 eng d
040 _cAL
041 _aEnglish
082 _223
_a954.790
_bRANR
100 _aMahadeo Govind Ranade
_949680
245 _aRise of the Maratha Power
260 _aBombay
_bThe Publications Division
_c1961
300 _aviii,152 p.
_bPB
_c24.2x15.5 cm.
650 _aMaratha (Indic people)
_949681
650 _aIndia--Maharashtra
_949682
650 _aIndia
_949683
700 _aRANADE (Mahadeo Govind)
_949684
942 _2ddc
_cGF
999 _c223804
_d223804